000
00180nam a2200073Ia 4500
008
170617s9999 xx 000 0 und d
100
_a
Hugo & Russell
245
0
_a
Pharmaceutical Microbiology
260
_b
Birla Pub
999
_c
15090
_d
15090